(KHMER) Baby fish / (Record no. 49712)
| 000 -LEADER | |
|---|---|
| fixed length control field | 00281nam a2200109 4500 |
| 020 ## - INTERNATIONAL STANDARD BOOK NUMBER | |
| International Standard Book Number | 9789924350224 |
| 100 ## - MAIN ENTRY--PERSONAL NAME | |
| Personal name | Seab, Kol |
| 9 (RLIN) | 83167 |
| 245 ## - TITLE STATEMENT | |
| Title | (KHMER) Baby fish / |
| Statement of responsibility, etc | Kol Seab |
| 260 ## - PUBLICATION, DISTRIBUTION, ETC. (IMPRINT) | |
| Place of publication, distribution, etc | Cambodia |
| Name of publisher, distributor, etc | S.J. Metta Karuna |
| Date of publication, distribution, etc | 2022 |
| 300 ## - PHYSICAL DESCRIPTION | |
| Extent | 30 p. |
| Other physical details | col. ill. |
| Dimensions | 20 cm. |
| 942 ## - ADDED ENTRY ELEMENTS (KOHA) | |
| Source of classification or shelving scheme | |
| Koha item type | Book |
| Withdrawn status | Lost status | Source of classification or shelving scheme | Damaged status | Not for loan | Collection code | Home library | Current library | Shelving location | Date acquired | Total Checkouts | Full call number | Barcode | Date last seen | Date checked out | Price effective from | Koha item type |
|---|---|---|---|---|---|---|---|---|---|---|---|---|---|---|---|---|
| Siem Riep | Asian Hope Siem Reap | Asian Hope Siem Reap | SECONDARY | 11/10/2025 | 1 | KHMER E SEA | 209413 | 04/23/2026 | 04/02/2026 | 11/10/2025 | Book |